Consumer behavior /

Bewaard in:
Bibliografische gegevens
Hoofdauteur: Wilkie, William L.
Formaat: Boek
Taal:English
Gepubliceerd in: New York : John Wiley and Sons, 1994.
Editie:3rd edition.
Onderwerpen:
Tags: Voeg label toe
Geen labels, Wees de eerste die dit record labelt!
Thư viện lưu trữ: Mạng thư viện Đại học Đà Nẵng
LEADER 00829cam a2200325 i 4500
001 000046392
003 5855
005 20030312093214.0
008 010220|1994 vm 000 eng
020 |a 0471545171 
040 |a IRC  |c IRC  |d IRC 
041 0 |a eng 
082 1 4 |a 658.8342  |b WI-W 
100 1 |a Wilkie, William L. 
245 0 0 |a Consumer behavior /  |c William L. Wilkie. 
250 |a 3rd edition. 
260 |a New York :  |b John Wiley and Sons,  |c 1994. 
300 |a 1v. (various pagings) :  |b ill. (some col.) 
630 0 4 |a Consumer behavior. 
650 0 4 |a Consumer behavior. 
OWN |a DUT 
999 |a From the UDN01 
TYP |a Monograph 
TYP |a Printed language 
980 |a Mạng thư viện Đại học Đà Nẵng